|
|
|
|
| LEADER |
00000nam a2200000Ia 4500 |
| 008 |
180607b1980 cr ||||| |||| 00| | spa d |
| 999 |
|
|
|c 1922
|d 1922
|
| 090 |
|
|
|a 06.04.05
|b 513
|
| 100 |
|
|
|a Molina de Lines, María
|9 3739
|
| 245 |
1 |
0 |
|a Antecedentes y creación de la Universidad de Costa Rica : conmemoración del cuadragésimo aniversario 1940-1980 / María Molina, Rafael Obregón Loría, Eugenio Rodríguez Vega
|
| 260 |
|
|
|a San José, Costa Rica :
|b Oficina de Publicaciones de la Universidad de Costa Rica,
|c 1980
|
| 300 |
|
|
|a 39 páginas
|
| 650 |
1 |
4 |
|a INSTITUCIONES DE ENSEÑANZA SUPERIOR
|9 788
|
| 650 |
1 |
4 |
|a HISTORIA
|9 22
|
| 650 |
1 |
4 |
|a ADMINISTRACIÓN UNIVERSITARIA
|9 3113
|
| 700 |
|
|
|a Obregón Loría, Rafael
|9 3740
|
| 700 |
1 |
|
|a Rodríguez Vega, Eugenio
|9 1207
|
| 942 |
|
|
|i 00891
|h 06.04.05 513
|2 z
|c 01
|